Music Quiz

Random Music or Song Quiz

Beatles Songs Trivia Quiz Stats

Quiz not verified by Sporcle

Also try: Song Word Clouds
Challenge
Share
Tweet
Embed
Score 0/15 Timer 06:00
0 Plays Today
Question Answer % Correct
Who played drums on 'Back in the U.S.S.R.?'Paul McCartney
77.8%
What was the first song to only feature one Beatle?Yesterday
66%
What does Paul see in 'her' eyes in 'For No One'?Nothing
54.4%
What is the airline mentioned in 'Back in the U.S.S.R.'?British Overseas Airways Corporation
53.6%
What is the complete title of the song John wrote about his monkey?Everybody's Got Something to Hide Except Me and My Monkey
52.9%
What singer called 'Something' a great song but gave credit to John and Paul?Frank Sinatra
43%
Who played Hammond organ and harmonium on 'Being For the Benefit of Mr. Kite!'?George Martin
37.5%
What song was supposed to be part of the Abbey Road Medley but was later dropped?Her Majesty
35.4%
Question Answer % Correct
What percentage does the 'Taxman' take?95%
35%
Which two songs from 1966 described weather conditions?Good Day Sunshine and Rain
31.1%
What song was the first to have a backward guitar part?I'm Only Sleeping
29.6%
What is the opening song on the British LP 'With the Beatles'?It Won't Be Long
29.1%
Where did George write the song 'Here Comes the Sun'?Eric Clapton's Garden
25.7%
In 1969, what song was banned from many radio stations?The Ballad of John and Yoko
23.5%
In what song does Paul complain that a woman tells him to keep his hands to himself?I'm Down
21.2%

You're not logged in!

Compare scores with friends on all Sporcle quizzes.
Sign Up with Email
OR
Log In

You Might Also Like...

Show Comments

Extras

Top Quizzes Today


Score Distribution

Your Account Isn't Verified!

In order to create a playlist on Sporcle, you need to verify the email address you used during registration. Go to your Sporcle Settings to finish the process.

Report this User

Report this user for behavior that violates our Community Guidelines.

Details: